LEADER 01212nam--2200361---450- 001 990002985830203316 005 20071010114507.0 010 $a88-464-6648-9 035 $a000298583 035 $aUSA01000298583 035 $a(ALEPH)000298583USA01 035 $a000298583 100 $a20071010d2005----km-y0itay50------ba 101 $aita 102 $aIT 105 $a||||||||001yy 200 1 $aOperatori sociali tra innovazione e rassegnazione$ela riforma dell'assistenza pubblica a Salerno$fEmiliana Mangone 210 $aMilano$cFranco Angeli$dcopyr. 2005 215 $a172 p.$d24 cm 225 2 $aSalute e societą$iRicerca e spendibilitą$v210 410 0$12001$aSalute e societą$vRicerca e spendibilitą 606 0 $aServizi sociali$xOrganizzazione$ySalerno 676 $a361.61 700 1$aMANGONE,$bEmiliana$0151468 801 0$aIT$bsalbc$gISBD 912 $a990002985830203316 951 $aII.5. 5980$b15309 E.C.$cII.5.$d00061904 959 $aBK 979 $aCHIARA$b90$c20071010$lUSA01$h1139 979 $aCHIARA$b90$c20071010$lUSA01$h1142 979 $aCHIARA$b90$c20071010$lUSA01$h1145 996 $aOperatori sociali tra innovazione e rassegnazione$91001767 997 $aUNISA LEADER 00866nam0-22003251i-450 001 990007885620403321 005 20190515120159.0 010 $a0-13-166264-3 035 $a000788562 035 $aFED01000788562 035 $a(Aleph)000788562FED01 035 $a000788562 100 $a20040517d1974----km-y0itay50------ba 101 0 $aeng 102 $aUS 200 1 $aConcepts in bioenergetics$fL. Peusner 210 $aEnglewood Cliffs$cPrentice Hall$d1974 453 0$1001000240353 610 0 $aBioenergetica 676 $a612.014$v23$zita 700 1$aPeusner,$bLeonardo$0100919 801 0$aIT$bUNINA$gREICAT$2UNIMARC 901 $aBK 912 $a990007885620403321 952 $a00 I1680$b2967$fDETEC 952 $aBSF 612.014 PEU 1$bs.i.$fSC1 959 $aSC1 959 $aDETEC 996 $aConcepts in bioenergetics$9668598 997 $aUNINA LEADER 01813nam0 2200373 i 450 001 VAN0126018 005 20220309024211.582 017 70$2N$a9783319992563 100 $a20200107d2019 |0itac50 ba 101 $aeng 102 $aCH 105 $a|||| ||||| 200 1 $aDie-Attach Materials for High Temperature Applications in Microelectronics Packaging$eMaterials, Processes, Equipment, and Reliability$fKim S. Siow editor 210 $aCham$cSpringer$d2019 215 $aXX, 279 p.$cill.$d24 cm 620 $aCH$dCham$3VANL001889 676 $a621.36$cIngegneria ottica. Ottica applicata$v22 676 $a620.11$cMateriali dell'ingegneria$v22 676 $a620.1$cScienze dei materiali$v22 676 $a658.4$cControllo di qualitą$v22 676 $a669$cMetallurgia - Chimica dei metalli - Materiali metallici$v22 676 $a621.381$cElettronica. Microelettronica. Elettronica molecolare$v22 702 1$aSiow$bKim S.$3VANV097436 712 $aSpringer $3VANV108073$4650 790 1$aSiow, K. S.$zSiow, Kim S.$3VANV103820 790 1$aSiow, K.S.$zSiow, Kim S.$3VANV214329 801 $aIT$bSOL$c20240614$gRICA 856 4 $uhttps://link.springer.com/book/10.1007/978-3-319-99256-3$zE-book - Accesso al full-text attraverso riconoscimento IP di Ateneo, proxy e/o Shibboleth 899 $aBIBLIOTECA DEL DIPARTIMENTO DI SCIENZE E TECNOLOGIE AMBIENTALI BIOLOGICHE E FARMACEUTICHE$1IT-CE0101$2VAN17 912 $fN 912 $aVAN0126018 950 $aBIBLIOTECA DEL DIPARTIMENTO DI SCIENZE E TECNOLOGIE AMBIENTALI BIOLOGICHE E FARMACEUTICHE$d17CONS e-book 2113 $e17BIB2113/52 52 20200107 996 $aDie-Attach Materials for High Temperature Applications in Microelectronics Packaging$91570050 997 $aUNICAMPANIA